[Event "FICGS rapid B 000356 email"]
[Site "FICGS email"]
[Date "2020.12.30"]
[Round "1"]
[White "La Iacona, Alessandro"]
[Black "Javier, Christian"]
[Result "1/2-1/2"]
[WhiteElo "1908"]
[BlackElo "1800"]
[PlyCount "64"]
[EventDate "2020.??.??"]
[EventType "tourn (rapid)"]
[EventRounds "6"]
[SourceTitle "Corr 2022"]
[Source "ChessBase"]
[SourceDate "2021.10.24"]
[SourceVersion "1"]
[SourceVersionDate "2021.10.24"]
[SourceQuality "1"]

1. d4 d5 2. c4 e6 3. Nc3 Nf6 4. Nf3 Nbd7 5. Bg5 h6 6. Bh4 Be7 7. cxd5 Nxd5 8. Bxe7 Qxe7 9. e4 Nxc3 10. bxc3 c5 11. Bd3 0-0 12. 0-0 Rd8 13. Qb3 Nf6 14. Rfe1 cxd4 15. cxd4 b6 16. a4 Bd7 17. Qb2 Rac8 18. Ba6 Rc7 19. Re3 Qe8 20. Qb4 Qf8 21. Qd2 Bc6 22. Qc1 Qd6 23. Qe1 Qd7 24. Ne5 Qd6 25. Nf3 Nh7 26. h4 Bb7 27. Bxb7 Rxb7 28. Rc3 Rc7 29. Rac1 Rdc8 30. g3 Qe7 31. Ne5 Nf6 32. Rc6 Kh8 1/2-1/2

[Event "FICGS rapid B 000356 email"]
[Site "FICGS email"]
[Date "2020.12.30"]
[Round "1"]
[White "La Iacona, Alessandro"]
[Black "Vollmer, Steve"]
[Result "1-0"]
[WhiteElo "1908"]
[BlackElo "1781"]
[PlyCount "59"]
[EventDate "2020.??.??"]
[EventType "tourn (rapid)"]
[EventRounds "6"]
[SourceTitle "Corr 2022"]
[Source "ChessBase"]
[SourceDate "2021.10.24"]
[SourceVersion "1"]
[SourceVersionDate "2021.10.24"]
[SourceQuality "1"]

1. d4 Nf6 2. c4 e6 3. Nc3 d5 4. Nf3 Be7 5. Bf4 0-0 6. e3 a6 7. cxd5 exd5 8. Bd3 Nc6 9. h3 h6 10. a3 Re8 11. 0-0 Bd6 12. Bxd6 Qxd6 13. Rc1 b5 14. Qc2 Bb7 15. Ne2 Ne4 16. Bxe4 dxe4 17. Nd2 f5 18. Nb3 Re7 19. Nf4 Rae8 20. Nc5 Nd8 21. a4 Bd5 22. Nxd5 Qxd5 23. Nxa6 Ne6 24. Nb4 Qb7 25. a5 f4 26. Nc6 Ng5 27. Nxe7+ Rxe7 28. Qc6 Qxc6 29. Rxc6 f3 30. a6 1-0

[Event "FICGS rapid B 000332 email"]
[Site "FICGS email"]
[Date "2019.12.26"]
[Round "1"]
[White "La Iacona, Alessandro"]
[Black "Kuliy, Oleksandr"]
[Result "1-0"]
[WhiteElo "1834"]
[BlackElo "1951"]
[PlyCount "79"]
[EventDate "2019.??.??"]
[EventType "tourn (rapid)"]
[EventRounds "6"]
[SourceTitle "Corr 2022"]
[Source "ChessBase"]
[SourceDate "2021.10.24"]
[SourceVersion "1"]
[SourceVersionDate "2021.10.24"]
[SourceQuality "1"]

1. d4 d5 2. c4 e6 3. Nc3 c6 4. Nf3 dxc4 5. a4 Bb4 6. e3 b5 7. Bd2 a5 8. axb5 Bxc3 9. Bxc3 cxb5 10. b3 Bb7 11. bxc4 b4 12. Bb2 Nf6 13. Bd3 0-0 14. 0-0 Nbd7 15. Nd2 Re8 16. Bc2 e5 17. d5 Qc7 18. Rc1 Qd6 19. Ba4 Re7 20. Ra1 Nc5 21. Bc2 Nfd7 22. f4 f6 23. fxe5 fxe5 24. Nb3 Nxb3 25. Bxb3 Qc5 26. Kh1 Nf6 27. Qf3 Rf8 28. Qe2 Ba6 29. h3 h6 30. Qd3 Bc8 31. e4 Bd7 32. Bc1 Ref7 33. Be3 Qc8 34. Bb6 Nh5 35. Rxf7 Rxf7 36. c5 a4 37. Bc4 Nf4 38. Qe3 Nxg2 39. Kxg2 Bxh3+ 40. Kh2 1-0

[Event "FICGS rapid B 000332 email"]
[Site "FICGS email"]
[Date "2019.12.26"]
[Round "1"]
[White "La Iacona, Alessandro"]
[Black "Vollmer, Steve"]
[Result "1-0"]
[WhiteElo "1834"]
[BlackElo "1721"]
[PlyCount "73"]
[EventDate "2019.??.??"]
[EventType "tourn (rapid)"]
[EventRounds "6"]
[SourceTitle "Corr 2022"]
[Source "ChessBase"]
[SourceDate "2021.10.24"]
[SourceVersion "1"]
[SourceVersionDate "2021.10.24"]
[SourceQuality "1"]

1. d4 Nf6 2. c4 e6 3. Nc3 Bb4 4. Qc2 0-0 5. a3 Bxc3+ 6. Qxc3 d5 7. Bg5 c6 8. e3 Nbd7 9. Nf3 h6 10. Bh4 g5 11. Bg3 Ne4 12. Qc2 Ndf6 13. Bd3 Bd7 14. Be5 Qe7 15. 0-0 Rfc8 16. c5 b6 17. b4 Be8 18. h3 b5 19. a4 a6 20. Bh2 g4 21. Ne5 h5 22. Bf4 Nh7 23. f3 f5 24. hxg4 Qh4 25. fxe4 dxe4 26. Qa2 Qe7 27. Bc2 hxg4 28. Bb3 Ng5 29. Bxg5 Qxg5 30. Bxe6+ Kg7 31. Rf4 Bg6 32. Bxc8 Rxc8 33. axb5 g3 34. Qe6 Be8 35. Qxc8 Qh5 36. Ng4 Qh4 37. Qxe8 1-0

[Event "FICGS rapid B 000292 email"]
[Site "FICGS email"]
[Date "2018.08.20"]
[Round "1"]
[White "La Iacona, Alessandro"]
[Black "Domingo Gadea, Jordi"]
[Result "1-0"]
[WhiteElo "1772"]
[BlackElo "1892"]
[PlyCount "73"]
[EventDate "2018.??.??"]
[EventType "tourn (rapid)"]
[EventRounds "6"]
[SourceTitle "Corr 2022"]
[Source "ChessBase"]
[SourceDate "2021.10.24"]
[SourceVersion "1"]
[SourceVersionDate "2021.10.24"]
[SourceQuality "1"]

1. d4 d5 2. c4 dxc4 3. Nf3 c5 4. e3 Nf6 5. Bxc4 e6 6. 0-0 a6 7. Bd3 Nbd7 8. Re1 Be7 9. e4 cxd4 10. e5 Nd5 11. Bc4 N7b6 12. Bb3 Bc5 13. Bg5 Qc7 14. Nbd2 h6 15. Rc1 hxg5 16. Ne4 Nd7 17. Nfxg5 Qb6 18. Bxd5 Be7 19. Nxf7 Kxf7 20. Qf3+ Ke8 21. Nd6+ Bxd6 22. exd6 Nf8 23. Qg3 Rh5 24. Bf3 Rf5 25. Rc7 d3 26. Bh5+ Kd8 27. Bg4 Qb4 28. Rd1 Rf6 29. Bf3 Rg6 30. Qe5 Nd7 31. Qh5 Qxd6 32. Rxd7+ Bxd7 33. Qxg6 Rc8 34. Qxg7 Rc5 35. h4 Re5 36. g4 d2 37. Kg2 1-0

[Event "FICGS rapid B 000292 email"]
[Site "FICGS email"]
[Date "2018.08.20"]
[Round "1"]
[White "La Iacona, Alessandro"]
[Black "Sternik, Ryszard"]
[Result "0-1"]
[WhiteElo "1772"]
[BlackElo "2018"]
[PlyCount "66"]
[EventDate "2018.??.??"]
[EventType "tourn (rapid)"]
[EventRounds "6"]
[SourceTitle "Corr 2022"]
[Source "ChessBase"]
[SourceDate "2021.10.24"]
[SourceVersion "1"]
[SourceVersionDate "2021.10.24"]
[SourceQuality "1"]

1. d4 Nf6 2. c4 e6 3. Nc3 d5 4. cxd5 exd5 5. Bg5 c6 6. Qc2 Be7 7. e3 0-0 8. Bd3 h6 9. Bh4 Re8 10. Nge2 Nbd7 11. 0-0 Ne4 12. Bxe7 Qxe7 13. Nxe4 dxe4 14. Bc4 Nf6 15. Nf4 Bf5 16. Rfc1 g5 17. Ne2 a5 18. Nc3 Kg7 19. Be2 Bg4 20. Bf1 Bd7 21. Na4 Nd5 22. Nc5 Bf5 23. a3 b6 24. Na4 Rec8 25. Nc3 Nf6 26. h3 Qd6 27. Be2 h5 28. Bxh5 Rh8 29. g4 Rae8 30. Ne2 Nxh5 31. gxh5 Rh6 32. Ng3 Bxh3 33. b4 f5 0-1

[Event "FICGS rapid B 000241 email"]
[Site "FICGS email"]
[Date "2016.06.03"]
[Round "1"]
[White "La Iacona, Alessandro"]
[Black "Duttagupta, Aniruddha"]
[Result "0-1"]
[WhiteElo "1781"]
[BlackElo "1862"]
[PlyCount "52"]
[EventDate "2016.??.??"]
[EventType "tourn (rapid)"]
[EventRounds "6"]
[SourceTitle "Corr 2022"]
[Source "ChessBase"]
[SourceDate "2021.10.24"]
[SourceVersion "1"]
[SourceVersionDate "2021.10.24"]
[SourceQuality "1"]

1. c4 c5 2. g3 Nc6 3. Bg2 g6 4. Nc3 Bg7 5. a3 e6 6. b4 Nxb4 7. axb4 cxb4 8. d4 bxc3 9. e3 Ne7 10. Ne2 d5 11. cxd5 Nxd5 12. Ba3 Bf8 13. Bxf8 Kxf8 14. Qb3 Kg7 15. 0-0 Bd7 16. Bxd5 exd5 17. Qxb7 c2 18. Qxd5 Qe7 19. Rfc1 Bf5 20. Qe5+ Qxe5 21. dxe5 Rhb8 22. f3 Rb2 23. e4 Be6 24. Nd4 Rc8 25. Kf2 Ba2 26. Ke2 a5 0-1

[Event "FICGS rapid B 000241 email"]
[Site "FICGS email"]
[Date "2016.06.03"]
[Round "1"]
[White "Mevel, Alberic"]
[Black "La Iacona, Alessandro"]
[Result "1-0"]
[WhiteElo "1901"]
[BlackElo "1781"]
[PlyCount "21"]
[EventDate "2016.??.??"]
[EventType "tourn (rapid)"]
[EventRounds "6"]
[SourceTitle "Corr 2022"]
[Source "ChessBase"]
[SourceDate "2021.10.24"]
[SourceVersion "1"]
[SourceVersionDate "2021.10.24"]
[SourceQuality "1"]

1. e4 c6 2. d4 d5 3. e5 c5 4. dxc5 Nc6 5. Nf3 Bg4 6. c3 e6 7. Be3 Bxf3 8. Qxf3 Nge7 9. Bb5 Nf5 10. Nd2 Be7 11. 0-0 1-0

[Event "FICGS rapid C 000126 email"]
[Site "FICGS email"]
[Date "2015.07.10"]
[Round "1"]
[White "La Iacona, Alessandro"]
[Black "Vollmer, Steve"]
[Result "1-0"]
[WhiteElo "1824"]
[BlackElo "1484"]
[PlyCount "43"]
[EventDate "2015.??.??"]
[EventType "tourn (rapid)"]
[EventRounds "4"]
[SourceTitle "Corr 2022"]
[Source "ChessBase"]
[SourceDate "2021.10.24"]
[SourceVersion "1"]
[SourceVersionDate "2021.10.24"]
[SourceQuality "1"]

1. e4 Nf6 2. e5 Nd5 3. d4 Nb6 4. c4 d6 5. exd6 exd6 6. Nc3 Be6 7. Bd3 c6 8. b3 Be7 9. Nge2 N8d7 10. Nf4 Nf6 11. Nxe6 fxe6 12. 0-0 Qd7 13. a4 Rd8 14. Re1 Kf7 15. Qf3 Rhe8 16. g4 h6 17. a5 Nc8 18. d5 exd5 19. Bf5 Qc7 20. Be6+ Kf8 21. g5 hxg5 22. Qh3 1-0

[Event "FICGS rapid C 000126 email"]
[Site "FICGS email"]
[Date "2015.07.10"]
[Round "1"]
[White "Ramos, Francisco Miguel R"]
[Black "La Iacona, Alessandro"]
[Result "0-1"]
[WhiteElo "1526"]
[BlackElo "1824"]
[PlyCount "72"]
[EventDate "2015.??.??"]
[EventType "tourn (rapid)"]
[EventRounds "4"]
[SourceTitle "Corr 2022"]
[Source "ChessBase"]
[SourceDate "2021.10.24"]
[SourceVersion "1"]
[SourceVersionDate "2021.10.24"]
[SourceQuality "1"]

1. e4 c6 2. d4 d5 3. Nc3 dxe4 4. Nxe4 Nd7 5. Ng5 Ngf6 6. Bd3 e6 7. N1f3 Bd6 8. 0-0 h6 9. Ne4 Nxe4 10. Bxe4 0-0 11. c4 Nf6 12. Bc2 b6 13. a3 Bb7 14. Qe2 Qc7 15. h3 c5 16. Be3 Bxf3 17. Qxf3 cxd4 18. Bxd4 Qxc4 19. Bc3 Rac8 20. Bd3 Qc6 21. Qe2 Nd5 22. Be4 Nxc3 23. bxc3 Qxc3 24. a4 Qe5 25. f4 Qd4+ 26. Kh1 Bxf4 27. Rad1 Qe3 28. Qg4 Qxe4 29. Rxf4 Qe5 30. Rdf1 f5 31. Qg6 Rc2 32. R4f3 Rd8 33. Qh5 Ra2 34. Qh4 Rd4 35. Qe7 Kh7 36. Rxf5 Qg3 0-1

[Event "FICGS rapid B 000226 email"]
[Site "FICGS email"]
[Date "2015.03.23"]
[Round "1"]
[White "Lubas, Jozef"]
[Black "La Iacona, Alessandro"]
[Result "1/2-1/2"]
[WhiteElo "1828"]
[BlackElo "1800"]
[PlyCount "81"]
[EventDate "2015.??.??"]
[EventType "tourn (rapid)"]
[EventRounds "6"]
[SourceTitle "Corr 2022"]
[Source "ChessBase"]
[SourceDate "2021.10.24"]
[SourceVersion "1"]
[SourceVersionDate "2021.10.24"]
[SourceQuality "1"]

1. e4 c5 2. Nf3 d6 3. d4 cxd4 4. Nxd4 Nf6 5. Nc3 a6 6. Bg5 e6 7. f4 Qb6 8. Qd2 Qxb2 9. Rb1 Qa3 10. f5 Nc6 11. fxe6 fxe6 12. Nxc6 bxc6 13. Be2 Be7 14. 0-0 0-0 15. Rb3 Qc5+ 16. Kh1 Rf7 17. Be3 Qe5 18. Bf4 Nxe4 19. Nxe4 Qxe4 20. Bxd6 Bxd6 21. Qxd6 Rxf1+ 22. Bxf1 Qd5 23. Qe7 Qd7 24. Rb7 Qxe7 25. Rxe7 Kf8 26. Rc7 e5 27. Bc4 Rb8 28. Kg1 g6 29. Kf2 Bf5 30. Bb3 a5 31. Rxh7 Rb4 32. Rf7+ Ke8 33. Ra7 Bxc2 34. Rxa5 Bxb3 35. Rxe5+ Kf7 36. axb3 Rxb3 37. Rc5 Rb2+ 38. Kf3 Rb3+ 39. Kf4 Rb4+ 40. Kg3 Rb3+ 41. Kf4 1/2-1/2